00817nam a2200205 a 450000100100000000500170001000800410002702000150006804000250008310000390010824500650014726000270021230000210023949000420026050400730030271000610037583000530043695201050048999900170059400004169920201002035715.0131016s1995 sp 000 0 spa d a8400074718 aDO-SdBNPbspacBNPHU1 aBlázquez Rodrigo, Marcelo96851613aLa Gatomaquia de Lope de Vega /cMarcelo Blázquez Rodrigo. aMadrid :bCSIC,c1995. a309 p. ;c25 cm.1 aBiblioteca de filología hispánica aIncluye referencias bibliográficas y notas al pie de las páginas2 aConsejo Superior de Investigaciones Científicas,94786 0aBiblioteca de filología hispánicav14967489 001050718MOaGRbGRcCTd2013-10-16iLF1l0o p41699-10r2020-06-25w2020-06-25y1ZNo se presta c41188d41188